[Event "96th ch-FRA 2023"]
[Site "L'Alpe d'Huez FRA"]
[Date "2023.08.19"]
[Round "1.2"]
[White "Edouard, R."]
[Black "Moussard, J."]
[Result "1-0"]
[WhiteElo "2514"]
[BlackElo "2661"]
[PlyCount "85"]
[EventDate "2023.08.18"]
[EventType "k.o."]

1. Nf3 Nf6 2. g3 b5 3. Bg2 Bb7 4. d3 c5 5. e4 d6 6. O-O e6 7. d4 ({RR} 7. Nc3 b4 8. Ne2 Nbd7 9. Ng5 Qc7 10. f4 Be7 11. h3 O-O 12. g4 Rfc8 13. Be3 a5 14. Ng3 c4 15. Rc1 cxd3 16. cxd3 Qd8 17. f5 Rxc1 18. Bxc1 e5 19. Nf3 d5 20. g5 dxe4 21. Nh2 Nd5 {Grischuk,A (2783)-Leko,P (2730) Beijing 2013 1-0 (46)}) 7... cxd4 8. Nxd4 a6 ({RR} 8... Bxe4 9. Bxe4 Nxe4 10. Nxb5 d5 11. c4 a6 12. Nd4 Be7 13. Qa4+ Qd7 14. Qxd7+ Kxd7 15. cxd5 exd5 16. Rd1 Nc6 17. Be3 Bf6 18. Nxc6 Kxc6 19. Bd4 Bxd4 20. Rxd4 Rhb8 21. b3 a5 22. f3 Ng5 23. Nd2 {Stefansson,V (2541)-Olsen,F (2444) Reykjavik ISL 2024 0-1 (57)}) 9. a4 $146 ({RR} 9. Re1 Qc7 10. Nc3 Be7 11. a4 bxa4 12. Nd5 exd5 13. exd5 Bc8 14. Qe2 Ra7 15. Rxa4 O-O 16. Rc4 Qd8 17. Rb4 Bg4 18. Qe3 Rc7 19. Bd2 Re8 20. Qa3 Bf8 21. Rxe8 Qxe8 22. h3 Bh5 23. c4 Nbd7 {Blomqvist,E (2523)-Olsen,F (2407) Ballerup 2022 0-1 (54)}) 9... bxa4 10. Rxa4 Nfd7 11. c4 Qc7 12. b3 Be7 13. Nc3 O-O 14. Be3 Nc6 15. Ra1 Rfb8 16. Rc1 Nc5 17. f4 Nxd4 18. Bxd4 Bc6 19. Rb1 Qa5 20. e5 Bxg2 21. Kxg2 dxe5 22. Bxe5 Rb7 23. Qg4 Bf8 24. f5 Re8 25. b4 Qd8 26. bxc5 Rxb1 27. Nxb1 Qd3 28. f6 Qc2+ 29. Kh1 g6 30. c6 a5 31. Nc3 Qb2 32. c7 Rc8 33. Rb1 Qf2 34. Qe2 Qc5 35. Rb8 Rxc7 36. Bxc7 Qxc7 37. Ra8 Qb7+ 38. Qe4 Qb4 39. Qc6 Qa3 40. Ne4 h5 41. Qd6 Qc1+ 42. Kg2 Qb2+ 43. Kh3 1-0

[Event "IV Mohammed VI Masters"]
[Site "Casablanca MAR"]
[Date "2023.08.15"]
[Round "2.4"]
[White "Warmerdam, Max"]
[Black "Kantans, T."]
[Result "1-0"]
[WhiteElo "2633"]
[BlackElo "2500"]
[PlyCount "79"]
[EventDate "2023.08.14"]

1. Nf3 c5 2. c4 Nc6 3. Nc3 e5 4. g3 d6 5. d3 Be7 6. Bg2 Nf6 7. O-O O-O 8. a3 h6 9. Rb1 a5 10. Ne1 Be6 11. Nd5 a4 12. Nc3 d5 13. cxd5 Nxd5 14. Nxa4 b5 15. Nc3 b4 16. Nxd5 $146 ({RR} 16. axb4 cxb4 17. Nxd5 Bxd5 18. Be3 f5 19. Rc1 f4 20. Bb6 Qd7 21. Nf3 Bf6 22. Bc5 Rfd8 23. Nd2 fxg3 24. hxg3 Bg5 25. Bxd5+ Qxd5 26. Bb6 Bxd2 27. Qxd2 Rdb8 28. Be3 Ra2 29. Rc5 Qe6 30. Rfc1 Ne7 {Cvek,R (2517)-Rehorek,M (2342) Czech Republic 2010 1-0 (38)}) 16... Bxd5 17. a4 b3 18. Ra1 Ra6 19. Bd2 e4 20. Bc3 exd3 21. Qxd3 Bxg2 22. Qxa6 Bxf1 23. Kxf1 Qd5 24. Ng2 c4 25. Kg1 Nd4 26. Nf4 Qe4 27. Qb6 Rd8 28. a5 Nc2 29. Rf1 Rd6 30. Qc7 g5 31. Nh5 Qxe2 32. a6 Rd1 33. Qc8+ Bd8 34. Nf6+ Kf8 35. Qh3 Rxf1+ 36. Qxf1 Qe6 37. a7 Qa6 38. Qd1 Be7 39. Qd7 Bxf6 40. Bxf6 1-0

[Event "Dzhubga Blitz 2023"]
[Site "Dzhubga RUS"]
[Date "2023.08.13"]
[Round "13.2"]
[White "Makarian, Rudik"]
[Black "Smirnov, P."]
[Result "1-0"]
[WhiteElo "2546"]
[BlackElo "2538"]
[PlyCount "97"]
[EventDate "2023.08.13"]
[EventType "blitz"]

1. Nf3 Nf6 2. g3 d5 3. Bg2 e6 4. O-O Be7 5. d3 O-O 6. Nbd2 c5 7. e4 Nc6 8. Re1 dxe4 9. dxe4 e5 10. c3 Qc7 11. Qc2 h6 12. a4 ({RR} 12. Nc4 Be6 13. Ne3 Rfd8 14. Bf1 a6 15. a4 Rab8 16. Bc4 Bxc4 17. Nxc4 b5 18. axb5 axb5 19. Ne3 c4 20. Nf5 Rd3 21. Ra6 Nb4 22. cxb4 Rxf3 23. Be3 Bxb4 24. Rea1 Qb7 25. Rb6 Qxb6 26. Bxb6 Rxb6 {Psyk,R (2404)-Oleksienko,M (2595) Sypniewo 2022 ½-½ (48)}) ({RR} 12. Nc4 Be6 13. Ne3 c4 14. Nh4 Rfd8 15. Qe2 Rd3 16. Nhf5 Bf8 17. Qf3 Bxf5 18. Qxf5 Ne7 19. Qf3 b5 20. a4 b4 21. Bf1 bxc3 22. bxc3 Rxc3 23. Bd2 Rb3 24. Rec1 c3 25. Bc4 Rb4 26. Rxc3 Qb7 {Kalegin,E (2356)-Smirnov,P (2530) Ufa RUS 2024 1-0 (69)}) 12... Be6 13. Bf1 Na5 14. Nh4 $146 ({RR} 14. b3 Rad8 15. Bb2 Nh7 16. Rac1 Ng5 17. c4 Nc6 18. h4 Nxf3+ 19. Nxf3 f5 20. Bh3 Nb4 21. Qe2 Nd3 22. Bxe5 Nxc1 23. Bxc7 Nxe2+ 24. Rxe2 Rd7 25. Bf4 Rd1+ 26. Kg2 Bd6 27. Be5 Bc8 28. Bxd6 Rxd6 {Santamaria,V (2153)-Ismail,A (2128) Bled 2002 ½-½ (52)}) 14... Rfd8 15. Nf5 Bf8 16. Ne3 c4 17. Nf3 Nb3 18. Rb1 Rd7 19. Nxc4 Bxc4 20. Bxc4 Qxc4 21. Nxe5 Qe6 22. Nxd7 Nxd7 23. Kg2 Ndc5 24. Be3 Nxa4 25. Rbd1 Nac5 26. Bxc5 Nxc5 27. b4 Nd7 28. Qd3 Nb6 29. e5 Rc8 30. Qf3 Qe7 31. Rd3 Nc4 32. Qd5 Nb6 33. Qe4 Na4 34. Qd4 b5 35. e6 fxe6 36. Rde3 Rc4 37. Qe5 Qb7+ 38. Kg1 Qd5 39. Qb8 Qd6 40. Qxb5 Nb6 41. Rxe6 Qc7 42. Re8 Qf7 43. Rd8 Kh7 44. Qe5 Na4 45. Re3 Nb6 46. h4 Rc7 47. Qe4+ g6 48. Rf3 Qe7 49. Qxe7+ 1-0

[Event "Titled Tue 15th Aug Early"]
[Site "chess.com INT"]
[Date "2023.08.15"]
[Round "7"]
[White "Fedoseev, Vl3"]
[Black "Korobov, A."]
[Result "1-0"]
[WhiteElo "2676"]
[BlackElo "2663"]
[PlyCount "57"]
[EventDate "2023.08.15"]

1. Nf3 d5 2. g3 c6 3. Bg2 Bg4 4. O-O Nd7 5. d3 e6 6. e4 Bd6 ({RR} 6... Ngf6 7. Qe2 dxe4 8. dxe4 e5 9. Nbd2 Bc5 10. h3 Bh5 11. Nb3 Bb6 12. Be3 O-O 13. c4 a5 14. a4 Bxe3 15. Qxe3 Bxf3 16. Bxf3 Qb6 17. c5 Qc7 18. Rac1 Rfd8 19. Rc3 Nf8 20. Rfc1 Ne6 21. Nd2 {Alfaro,W (2134)-Mammadzada,G (2472) chess.com INT 2023 1-0 (44)}) 7. Qe1 ({RR} 7. h3 Bh5 8. exd5 exd5 9. Qe1+ Ne7 10. Nh4 O-O 11. g4 Re8 12. gxh5 Nc8 13. Qd1 Qxh4 14. Qg4 Qd8 15. h6 g6 16. c4 Ne5 17. Qd1 dxc4 18. dxc4 Nb6 19. Nc3 Nexc4 20. Ne4 Be5 21. Qf3 f5 {Grischuk,A (2750)-Carlsen,M (2832) Chess.com INT 2017 0-1 (31)}) 7... Ne7 8. Nd4 $146 ({RR} 8. h3 Bh5 9. Nc3 O-O 10. Ne2 a5 11. Nf4 Bxf3 12. Bxf3 e5 13. Ne2 dxe4 14. dxe4 Nc5 15. Be3 Qc7 16. Rd1 Rfd8 17. b3 Na6 18. Nc1 Bc5 19. Bd2 Nb4 20. c3 Nd3 21. Qe2 Nb2 22. Rde1 Qd6 {Benidze,D (2530)-Hovhannisyan,R (2600) Plovdiv 2012 ½-½ (50)}) 8... O-O 9. h3 Bh5 10. exd5 cxd5 11. Nxe6 fxe6 12. Qxe6+ Bf7 13. Qxd6 Rc8 14. Nc3 Nf6 15. Bf4 d4 16. Nb5 Rxc2 17. b3 Nc6 18. Rfc1 Rxc1+ 19. Rxc1 Bd5 20. Bxd5+ Nxd5 21. Qe6+ Kh8 22. Bd6 Qf6 23. Qxd5 Qxf2+ 24. Kh1 Rf3 25. Nxd4 Rxd3 26. Qe4 Re3 27. Qf4 Re1+ 28. Rxe1 Qxe1+ 29. Kg2 1-0

[Event "Titled Tue 15th Aug Early"]
[Site "chess.com INT"]
[Date "2023.08.15"]
[Round "9"]
[White "Kazakouski, Valery"]
[Black "Huschenbeth, N."]
[Result "1-0"]
[WhiteElo "2558"]
[BlackElo "2603"]
[PlyCount "61"]
[EventDate "2023.08.15"]

1. Nf3 d5 2. c4 d4 3. b4 Nf6 4. Qb3 ({RR} 4. g3 c5 5. Qa4+ Qd7 6. b5 Qc7 7. d3 Nbd7 8. Bg2 e5 9. O-O Bd6 10. Qc2 O-O 11. a4 Re8 12. Nbd2 Nf8 13. a5 Rb8 14. e3 h6 15. Re1 Bf5 16. Nh4 Bd7 17. e4 Qc8 18. Qd1 Ng6 {Anton Guijarro,D (2694)-Kollars,D (2635) Germany 2022 ½-½ (54)}) 4... c5 5. e3 dxe3 $146 ({RR} 5... e6 6. exd4 cxd4 7. d3 a5 8. b5 Nbd7 9. a4 Bc5 10. g3 b6 11. Bg2 Bb7 12. O-O O-O 13. Re1 Re8 14. Bg5 e5 15. Nbd2 Qc7 16. Re2 Bd6 17. Qc2 Re7 18. Rae1 Rae8 19. Bh3 h6 20. Bxd7 {Bauer,T (2195)-Aradhya,G (2348) chess.com INT 2025 1-0 (31)}) 6. fxe3 cxb4 7. d4 e6 8. Bd3 Nc6 9. O-O Be7 10. Bb2 O-O 11. Nbd2 a5 12. Rae1 a4 13. Qd1 b3 14. axb3 a3 15. Ba1 Nb4 16. Ne5 Nxd3 17. Nxd3 b5 18. e4 bxc4 19. bxc4 Bb7 20. e5 Nd7 21. Ne4 Qc7 22. c5 Ba6 23. Rf4 Rab8 24. Nd6 Bxd6 25. exd6 Qc6 26. d5 Qxd5 27. Rd4 Qb3 28. c6 Qxd1 29. Rxd1 Bxd3 30. R4xd3 Ne5 31. Bxe5 1-0

[Event "Titled Tue 15th Aug Early"]
[Site "chess.com INT"]
[Date "2023.08.15"]
[Round "10"]
[White "Svane, R."]
[Black "Prohaszka, P2."]
[Result "1-0"]
[WhiteElo "2631"]
[BlackElo "2581"]
[PlyCount "77"]
[EventDate "2023.08.15"]

1. Nf3 Nf6 2. g3 g6 3. Bg2 Bg7 4. O-O O-O 5. d4 d6 6. Re1 Nc6 7. d5 Ne5 8. Nxe5 dxe5 9. c4 Rb8 10. Nc3 e6 11. e4 Qe7 12. Be3 b6 13. Rc1 Rd8 14. h3 $146 ({RR} 14. Qa4 a5 15. h3 Bd7 16. Qc2 Ra8 17. Red1 a4 18. Nb5 Ne8 19. Nxc7 Rab8 20. c5 bxc5 21. Bxc5 Qf6 22. dxe6 Bxe6 23. Nd5 Bxd5 24. Rxd5 Rxd5 25. exd5 Nd6 26. Qxa4 Rxb2 27. Qc6 Bf8 28. a4 Qg5 {Svane,R (2619)-Yi,R (2138) chess.com INT 2022 1-0 (40)}) 14... Ne8 15. Qc2 Nd6 16. b3 Ba6 17. c5 Nb5 18. Nxb5 Bxb5 19. a4 Ba6 20. b4 b5 21. a5 f5 22. Red1 c6 23. dxc6 Rbc8 24. exf5 gxf5 25. h4 Bf6 26. Rxd8+ Rxd8 27. Rd1 Kf7 28. Rxd8 Qxd8 29. Qe2 Kg7 30. Qh5 Bc8 31. c7 Qe7 32. c6 Kg8 33. Bc5 Qf7 34. Qxf7+ Kxf7 35. Bxa7 Be7 36. Bf1 Bxb4 37. Bb6 Ke7 38. Bxb5 Kd6 39. a6 1-0

[Event "Titled Tue 15th Aug Late"]
[Site "chess.com INT"]
[Date "2023.08.15"]
[Round "2"]
[White "Mekhitarian, K."]
[Black "Nanu, C."]
[Result "1-0"]
[WhiteElo "2540"]
[BlackElo "2524"]
[PlyCount "79"]
[EventDate "2023.08.15"]

1. Nf3 d5 2. c4 dxc4 3. e3 Nf6 4. Bxc4 e6 5. O-O c5 6. b3 Nc6 7. Bb2 Be7 8. Be2 O-O 9. d3 b6 10. a3 Bb7 11. Nbd2 Qc7 $146 ({RR} 11... Nd5 12. Qc2 Rc8 13. Rac1 Bf6 14. Rfd1 {½-½ (14) Nowak,I (2390)-Szymczak,Z (2350) Lubniewice 1994}) 12. Qc2 Rad8 13. h3 Qb8 14. Rfe1 Rd7 15. Bf1 Rfd8 16. Rac1 Ba6 17. Nc4 b5 18. Nce5 Rc7 19. Nxc6 Rxc6 20. b4 Rcc8 21. Bxf6 cxb4 22. Bxe7 Rxc2 23. Rxc2 b3 24. Rb2 Re8 25. Bb4 Bb7 26. Rxb3 Bxf3 27. gxf3 Qb7 28. f4 f6 29. Bg2 Qc7 30. Rc3 Qd8 31. Rec1 a5 32. Rc8 Qxc8 33. Rxc8 Rxc8 34. Bxa5 Rc1+ 35. Kh2 Rc2 36. Kg3 Kf7 37. d4 h5 38. h4 f5 39. Bb4 Rb2 40. Bf1 1-0

[Event "Titled Tue 15th Aug Late"]
[Site "chess.com INT"]
[Date "2023.08.15"]
[Round "4"]
[White "Duda, J."]
[Black "Lysyj, I."]
[Result "1-0"]
[WhiteElo "2732"]
[BlackElo "2589"]
[PlyCount "137"]
[EventDate "2023.08.15"]

1. Nf3 Nf6 2. g3 d5 3. Bg2 e6 4. b3 Be7 5. Bb2 O-O 6. c4 c5 7. e3 b6 8. O-O Bb7 9. Qe2 Nc6 10. Rd1 Rc8 11. Na3 ({RR} 11. cxd5 Nxd5 12. Nc3 Bf6 13. Rab1 Nxc3 14. dxc3 Qc7 15. c4 Bxb2 16. Rxb2 {½-½ (16) Ftacnik,L (2603)-Xu,J (2643) Bled 2002}) 11... Qc7 ({RR} 11... Rc7 12. cxd5 Nxd5 13. e4 Ndb4 14. d4 cxd4 15. Nxd4 Nxd4 16. Bxd4 Rd7 17. Bc3 Nd3 18. Nc4 Bc5 19. Ne3 Ba6 20. Qg4 g6 21. Qf3 Bd4 22. Bxd4 Rxd4 23. Bf1 f5 24. exf5 Ne5 25. Qg2 Bxf1 26. Rxd4 {Nandhidhaa,P (2344)-Panjer,S (2185) Krakow POL 2024 ½-½}) 12. Rac1 Rfd8 $146 ({RR} 12... Qb8 13. cxd5 exd5 14. d4 Nb4 15. Ra1 Ba6 16. Nb5 c4 17. bxc4 dxc4 18. Nc3 Nd3 19. e4 Bb4 20. Ne1 Rfd8 21. a3 Ba5 22. e5 Nxb2 {½-½ (22) Vaganian,R (2493)-Navoyan,G (2174) Yerevan ARM 2023}) 13. cxd5 Nxd5 14. Nc4 Qb8 15. a3 Bf6 16. e4 Bxb2 17. exd5 Bxc1 18. dxc6 Bxc6 19. Rxc1 Bd5 20. Rc3 b5 21. Ne3 Ba8 22. Ng5 h6 23. Bxa8 Qxa8 24. Nf3 Qb7 25. a4 a6 26. h4 Qe4 27. Kg2 bxa4 28. Rc4 Rd4 29. d3 Qb7 30. bxa4 Rxc4 31. Nxc4 Rd8 32. a5 Qd5 33. Qe3 Qxd3 34. Qxc5 Qe4 35. Qb6 Rd3 36. Ne3 Qa8 37. Qc5 Rb3 38. Qc4 Rb5 39. Qc3 Qd8 40. Ne5 Qa8+ 41. Kh2 f6 42. Ng6 Kh7 43. Qd3 f5 44. Nf4 Qf3 45. Qc2 Rxa5 46. Nxe6 Re5 47. Nd4 Qe4 48. Qxe4 Rxe4 49. Ndxf5 a5 50. Nd6 Rb4 51. Ndc4 a4 52. Na3 Rb3 53. Nec2 g5 54. h5 g4 55. Kg2 Kg7 56. Kf1 Kf6 57. Ke2 Kg5 58. Kd2 Kxh5 59. Nc4 Kg5 60. Nd4 Rb4 61. Kc3 Rb1 62. Ne6+ Kf6 63. Nc5 Rf1 64. Nd2 Re1 65. Nxa4 Kg6 66. Nc5 h5 67. Nd3 Re2 68. Nf4+ Kf5 69. Nxe2 1-0

[Event "Titled Tue 15th Aug Late"]
[Site "chess.com INT"]
[Date "2023.08.15"]
[Round "8"]
[White "Keymer, Vincent"]
[Black "Tristan, L."]
[Result "1-0"]
[WhiteElo "2701"]
[BlackElo "2526"]
[PlyCount "91"]
[EventDate "2023.08.15"]

1. Nf3 d5 2. e3 Nf6 3. c4 e6 4. Nc3 dxc4 5. Bxc4 a6 6. e4 b5 7. Bb3 Bb7 8. e5 Nd5 9. d4 c5 10. Bxd5 Bxd5 11. Bg5 Qd7 12. dxc5 $146 ({RR} 12. Nxd5 Qxd5 13. dxc5 Bxc5 14. Qxd5 exd5 15. Rd1 Nc6 16. Rxd5 Be7 17. Bxe7 Kxe7 18. Ke2 Rac8 19. Rhd1 Rhd8 20. Rxd8 Nxd8 21. Nd4 g6 22. f4 Rc4 23. b3 Rc5 24. Ke3 b4 25. g3 Nb7 26. Kd2 Nd8 {Keymer,V (2730)-Santos Latasa,J (2624) chess.com INT 2024 1-0 (45)}) 12... Bc6 13. b4 h6 14. Be3 Qb7 15. O-O Nd7 16. Bd4 Be7 17. Re1 g5 18. Rc1 Rc8 19. Nd2 Bxg2 20. Nce4 Qd5 21. Kxg2 Qxd4 22. Nd6+ Bxd6 23. exd6 Qxb4 24. Re4 Qa3 25. Re3 Qb4 26. c6 Qxd6 27. cxd7+ Kxd7 28. Qf3 Rxc1 29. Rd3 f5 30. Rxd6+ Kxd6 31. Qa3+ Rc5 32. Nb3 Rhc8 33. Nxc5 Rxc5 34. Qxa6+ Ke5 35. Qb6 Rd5 36. Qb8+ Kf6 37. Qh8+ Kg6 38. Qg8+ Kf6 39. Qh7 g4 40. Qxh6+ Ke5 41. Qe3+ Kd6 42. Kg3 Re5 43. Qb6+ Ke7 44. Kf4 Rd5 45. Kg5 Kd7 46. Kf6 1-0

[Event "Titled Tue 15th Aug Late"]
[Site "chess.com INT"]
[Date "2023.08.15"]
[Round "8"]
[White "Duda, J."]
[Black "Kazakouski, Valery"]
[Result "1-0"]
[WhiteElo "2732"]
[BlackElo "2558"]
[PlyCount "135"]
[EventDate "2023.08.15"]

1. Nf3 d5 2. g3 Nd7 3. d4 Nb6 4. Bg2 Bf5 5. O-O Nf6 6. Nh4 ({RR} 6. b3 e6 7. c4 c6 8. Nbd2 h6 9. Bb2 Be7 10. Ne5 O-O 11. e3 Nbd7 12. Qe2 Bh7 13. Rfd1 a5 14. a3 Qb6 15. Nxd7 Nxd7 16. e4 dxe4 17. Bxe4 Bxe4 18. Nxe4 Nf6 19. d5 Nxe4 20. Qxe4 cxd5 {Kamsky,G (2662)-Moroni,L (2575) Cap d'Agde 2021 ½-½ (37)}) 6... e6 ({RR} 6... Bg4 7. h3 Bh5 8. g4 Bg6 9. Nxg6 hxg6 10. g5 Ng8 11. e4 dxe4 12. Nc3 e6 13. Nxe4 c6 14. Bf4 Nd5 15. Bg3 f5 16. gxf6 gxf6 17. c4 Nb6 18. Qg4 Kf7 19. Rfe1 Nh6 20. Ng5+ fxg5 21. Qxe6+ {Shuvalova,P (2500)-Kazakouski,V (2563) chess.com INT 2025 0-1 (57)}) 7. Nxf5 exf5 8. Qd3 $146 ({RR} 8. b3 c6 9. Nd2 Bb4 10. a3 Bc3 11. Rb1 Ne4 12. Nxe4 fxe4 13. Bb2 Bxb2 14. Rxb2 O-O 15. e3 f5 16. Qe2 Qe7 17. Ra2 a5 18. c4 a4 19. cxd5 axb3 20. Rb2 Nxd5 21. Rxb3 Rxa3 22. Rb2 b5 {Golubenko,V (2209)-Mendes Aaron Reeve (2318) chess.com INT 2024 ½-½ (124)}) 8... Qd7 9. b3 Be7 10. c4 O-O 11. Nc3 c6 12. c5 Nc8 13. b4 a6 14. Bh3 g6 15. a4 Re8 16. Bf4 Ne4 17. b5 Nxc3 18. Qxc3 axb5 19. axb5 Na7 20. b6 Nb5 21. Qd3 Bf6 22. e3 h5 23. Rfb1 Kg7 24. Rc1 Rh8 25. Rxa8 Rxa8 26. Qc2 Qe8 27. Bf1 Na3 28. Qb3 g5 29. Bc7 Ra5 30. h3 Nb5 31. Qb4 Qa8 32. Bd3 Ra1 33. Qe1 Rxc1 34. Qxc1 Nxc7 35. bxc7 Qc8 36. Qd1 h4 37. gxh4 gxh4 38. Qh5 Qxc7 39. Bxf5 b6 40. Qh7+ Kf8 41. Qh6+ Ke7 42. cxb6 Qxb6 43. Qf4 Qd8 44. Bg4 Qd6 45. Qf5 c5 46. dxc5 Qxc5 47. Bf3 Qc1+ 48. Kg2 Qc6 49. Bxd5 Qd6 50. Qe4+ Kf8 51. f4 Qe7 52. Qh7 Qd7 53. Qh6+ Ke7 54. Qh5 Kf8 55. Kf2 Qc7 56. Kf3 Qd7 57. Kf2 Qc7 58. Qf5 Ke7 59. Kf3 Qd7 60. Qxd7+ Kxd7 61. Bxf7 Kd6 62. Kg4 Ke7 63. Bb3 Bc3 64. Kf5 Bd2 65. e4 Bc1 66. e5 Bb2 67. Kg4 Bc3 68. Kxh4 1-0

[Event "Titled Tue 15th Aug Late"]
[Site "chess.com INT"]
[Date "2023.08.15"]
[Round "10"]
[White "Keymer, Vincent"]
[Black "Ibarra Jerez, JC."]
[Result "1-0"]
[WhiteElo "2701"]
[BlackElo "2563"]
[PlyCount "87"]
[EventDate "2023.08.15"]

1. Nf3 d6 2. d4 Nf6 3. c4 g6 4. g3 Bf5 ({RR} 4... c6 5. Bg2 Qa5+ 6. Nc3 Ne4 7. Qb3 Bg7 8. O-O Nxc3 9. bxc3 O-O 10. e4 c5 11. Bf4 Nd7 12. Bg5 Re8 13. Rfd1 Nb6 14. Qb5 Qxb5 15. cxb5 Na4 16. Rac1 Be6 17. Rc2 a6 18. Bf1 h6 19. Be3 {Abdusattorov,N (2725)-Carlsen,M (2835) chess.com INT 2023 0-1 (50)}) ({RR} 4... Bd7 5. Nc3 Bg7 6. Bg2 Qc8 7. O-O Bh3 8. Qb3 Bxg2 9. Kxg2 O-O 10. h3 a5 11. Be3 Re8 12. Rfd1 Nbd7 13. Rac1 c6 14. Qc2 Qc7 15. Qd2 Rad8 16. Bh6 e5 17. Bxg7 Kxg7 18. e4 exd4 19. Qxd4 {Hnydiuk,A (2328)-Stefansson,V (2551) Eforie Nord ROU 2025 ½-½ (57)}) 5. Bg2 ({RR} 5. Qb3 b6 6. Bg2 Nc6 7. O-O Bg7 8. d5 Na5 9. Qd1 O-O 10. Nbd2 c5 11. dxc6 Nxc6 12. Nb3 Rc8 13. Nbd4 Be4 14. Nxc6 Rxc6 15. b3 d5 16. Ba3 dxc4 17. Qxd8 Rxd8 18. Ne5 Re6 19. Nxc4 Bxg2 {Narayanan,S (2552)-Ibarra Jerez,J (2559) chess.com INT 2024 0-1 (60)}) 5... Bg7 6. Nh4 $146 Be4 7. Nf3 Bf5 8. Qb3 Qc8 ({RR} 8... Nbd7 9. Qxb7 c5 10. Qb3 O-O 11. O-O a5 12. Nc3 Ne4 13. Nh4 a4 14. Qd1 Ndf6 15. Nxf5 gxf5 16. dxc5 dxc5 17. Qc2 a3 18. Nb5 h5 19. bxa3 h4 20. Bb2 hxg3 21. hxg3 Ra6 22. Rad1 Qb8 23. Bxf6 {Lazavik,D (2566)-Gareev,T (2570) Samarkand UZB 2023 1-0 (38)}) 9. Nc3 Nc6 10. d5 Nd8 11. O-O O-O 12. Bd2 Ne4 13. Nxe4 Bxe4 14. Bc3 e5 15. Rfe1 a5 16. Rac1 b6 17. Bf1 Bxf3 18. exf3 Nb7 19. Qc2 Nc5 20. b3 Qd7 21. h4 h5 22. Re2 f5 23. a3 a4 24. b4 Nb3 25. Rce1 Rae8 26. Bb2 Re7 27. Kh2 Rfe8 28. Qd1 Qd8 29. Bh3 Kh7 30. Kg2 Nd4 31. Re3 Nb3 32. g4 Rf7 33. gxf5 gxf5 34. f4 Qxh4 35. Rh1 Qxf4 36. Qxh5+ Kg8 37. Rg3 Qe4+ 38. Kh2 Qc2 39. Rhg1 Ree7 40. R1g2 Qxb2 41. Bxf5 Rxf5 42. Qxf5 e4 43. Qc8+ Kh7 44. Rh3+ 1-0

[Event "chess.com SpeedChess Q1Sw"]
[Site "chess.com INT"]
[Date "2023.08.21"]
[Round "2"]
[White "Vidit, S."]
[Black "Durarbayli, Vasif"]
[Result "1-0"]
[WhiteElo "2723"]
[BlackElo "2631"]
[PlyCount "47"]
[EventDate "2023.08.21"]

1. Nf3 c5 2. c4 Nf6 3. Nc3 e6 4. e3 Nc6 5. d4 d5 6. a3 cxd4 7. exd4 g6 8. c5 Bg7 9. Bb5 ({RR} 9. Bd3 O-O 10. O-O e5 11. dxe5 Ng4 12. Bg5 Qd7 13. Bb5 a6 14. Ba4 Ngxe5 15. Nxe5 Bxe5 16. Nxd5 Bxb2 17. Rb1 Bg7 18. Bf6 Qf5 19. Bxg7 Kxg7 20. Bxc6 bxc6 21. Qd4+ f6 22. Ne7 Qe6 23. Rfe1 Qf7 {Bambino Filho,A (2170)-Mischuk,D (2298) chess.com INT 2024 0-1 (40)}) ({RR} 9. b4 O-O 10. Be2 Ne4 11. Bb2 b6 12. b5 Nxd4 13. Nxd4 Nxc3 14. Bxc3 bxc5 15. O-O cxd4 16. Bxd4 e5 17. Bc5 Re8 18. Rc1 Bb7 19. Qb3 d4 20. Bc4 Qd7 21. Rfd1 Rec8 22. Bb4 e4 23. a4 d3 {Chylewski,P (2284)-Durarbayli,V (2628) chess.com INT 2024 0-1 (36)}) 9... O-O ({RR} 9... Ne4 10. Bxc6+ bxc6 11. Qa4 O-O 12. Bf4 g5 13. Nxe4 dxe4 14. Nxg5 Qd5 15. Rd1 h6 16. Nh3 e3 17. fxe3 e5 18. dxe5 Qxg2 19. Nf2 Bg4 20. Nxg4 Qxg4 21. Kd2 Rab8 22. Kc1 Rb5 23. Qc2 Qe6 24. b4 {Nepomniachtchi,I (2763)-Savchenko,B (2562) Moscow 2018 1-0}) 10. Bf4 Ne4 11. Rc1 $146 ({RR} 11. Bxc6 bxc6 12. Qa4 Nxc3 13. bxc3 Bd7 14. O-O f6 15. Bd6 Re8 16. Rfe1 Bf8 17. Bxf8 Kxf8 18. Rab1 Qc7 19. Rb4 Rab8 20. Reb1 e5 21. Rxb8 Rxb8 22. Rxb8+ Qxb8 23. Qb4 Qe8 24. dxe5 fxe5 25. Qh4 Kg7 {Meissner,H (2213)-Carlstedt,J (2309) Berlin 2009 ½-½ (46)}) 11... g5 12. Be3 g4 13. Bxc6 gxf3 14. Nxe4 bxc6 15. Nd6 fxg2 16. Rg1 f5 17. Rxg2 Qh4 18. Bg5 Qh3 19. Rg3 Qxh2 20. Qf3 e5 21. Nxc8 Raxc8 22. dxe5 Rce8 23. Kd2 f4 24. Rh3 1-0

[Event "chess.com SpeedChess Q1Sw"]
[Site "chess.com INT"]
[Date "2023.08.21"]
[Round "3"]
[White "Nakamura, Hi"]
[Black "Chigaev, M."]
[Result "1-0"]
[WhiteElo "2787"]
[BlackElo "2616"]
[PlyCount "101"]
[EventDate "2023.08.21"]

1. Nf3 d5 2. b3 c5 3. e3 f6 4. d4 Nc6 5. Bb2 cxd4 6. Nxd4 e5 7. Nxc6 bxc6 8. c4 Be6 $146 ({RR} 8... Bb4+ 9. Nd2 Ne7 10. a3 Bd6 11. Be2 a5 12. O-O O-O 13. Qc2 Be6 14. Rfd1 Qb8 15. e4 d4 16. c5 Bc7 17. Bc4 Bxc4 18. Nxc4 Kh8 19. Bc1 Qb5 20. Bd2 Ng6 21. b4 axb4 22. axb4 Rfd8 23. g3 {Arabidze,M (2456)-Niemann,H (2667) chess.com INT 2023 0-1 (57)}) 9. Qc2 Bb4+ 10. Bc3 a5 11. a3 Bxc3+ 12. Nxc3 Ne7 13. Rd1 Qb6 14. Na4 Qa7 15. Bd3 Kf7 16. O-O Rac8 17. Qe2 g6 18. e4 Kg7 19. Kh1 h5 20. f4 Bg4 21. Qb2 d4 22. Rd2 c5 23. Rdf2 Rhf8 24. Qd2 exf4 25. Qxf4 Nc6 26. Qd6 Qe7 27. Qxe7+ Nxe7 28. e5 fxe5 29. Rxf8 Rxf8 30. Rxf8 Kxf8 31. Nxc5 Bf5 32. Bxf5 Nxf5 33. Nd7+ Ke7 34. Nxe5 Kf6 35. Nf3 d3 36. Kg1 Nd4 37. Kf2 Nxb3 38. Ke3 Nc5 39. Ne1 d2 40. Kxd2 Kf5 41. Nd3 Ne4+ 42. Ke3 Nc3 43. Kd4 Nb1 44. a4 Nd2 45. Kd5 Nb1 46. Kd4 Nd2 47. c5 Ke6 48. Nf4+ Kf5 49. Nxg6 Kxg6 50. c6 Nb3+ 51. Kd5 1-0

[Event "chess.com SpeedChess Q1Sw"]
[Site "chess.com INT"]
[Date "2023.08.21"]
[Round "5"]
[White "Nakamura, Hi"]
[Black "Paravyan, D."]
[Result "1-0"]
[WhiteElo "2787"]
[BlackElo "2597"]
[PlyCount "85"]
[EventDate "2023.08.21"]

1. Nf3 Nf6 2. b3 c5 3. g3 ({RR} 3. e3 g6 4. Bb2 Nc6 5. d4 cxd4 6. Nxd4 Bg7 7. Nxc6 bxc6 8. Be2 O-O 9. O-O Qc7 10. Qc1 d5 11. c4 dxc4 12. Nd2 cxb3 13. Nxb3 Bg4 14. Bxf6 Bxf6 15. Bxg4 Bxa1 16. Qxa1 c5 17. Rc1 c4 {Nakamura,H (2766)-Abdusattorov,N (2661) Chess.com INT 2022 ½-½ (108)}) ({RR} 3. e3 d6 4. c4 Nbd7 5. d4 e6 6. Bb2 b6 7. Nc3 Bb7 8. Be2 a6 9. O-O Rg8 10. Bd3 g5 11. d5 g4 12. Nd2 Qe7 13. e4 Bg7 14. Re1 h5 15. Nf1 h4 16. Ne3 Ne5 17. Bf1 h3 {Patel,M (2025)-Gelman,A (2403) chess.com INT 2025 1-0 (39)}) ({RR} 3. e3 b6 4. Bb2 e6 5. d4 Bb7 6. Bd3 Be7 7. dxc5 bxc5 8. c4 O-O 9. O-O Nc6 10. Nc3 d5 11. cxd5 exd5 12. Na4 Nb4 13. Bf5 Ba6 14. Re1 Ne4 15. Nd2 Nd3 16. Nxe4 dxe4 17. Bxe4 Nxb2 {Nakamura,H (2787)-Garakov,M (2447) chess.com INT 2023 1-0 (41)}) 3... Nc6 4. d4 $146 ({RR} 4. Bg2 d6 5. Bb2 e5 6. d3 Bg4 7. Nbd2 Qd7 8. h3 Bh5 9. g4 Bg6 10. Nh4 Be7 11. Nxg6 fxg6 12. Ne4 O-O-O 13. Nxf6 gxf6 14. c4 Rdf8 15. h4 Kb8 16. e3 Rhg8 17. Bd5 Rg7 18. Bc3 Nd8 {Crespo Arce,M-Quesada Fernandez,G Asturias 1997 1-0 (37)}) 4... cxd4 5. Nxd4 e5 6. Nxc6 bxc6 7. Bg2 d5 8. O-O Bc5 9. Bb2 Qe7 10. c4 O-O 11. cxd5 cxd5 12. Nc3 Rd8 13. e3 Bg4 14. Qd2 Rac8 15. Rac1 d4 16. exd4 Bxd4 17. Nb5 Rxc1 18. Rxc1 Bxb2 19. Qxb2 a6 20. Nc3 h5 21. h3 Bf5 22. Re1 e4 23. Qe2 Qe6 24. Nxe4 Bxe4 25. Bxe4 Re8 26. Bf3 Qxh3 27. Qd2 Rxe1+ 28. Qxe1 h4 29. Bg2 Qg4 30. gxh4 Qxh4 31. Qd2 g5 32. Qd6 Ng4 33. Qd8+ Kg7 34. Qd4+ f6 35. b4 Ne5 36. Qxh4 gxh4 37. Bb7 Kf7 38. Bxa6 Ke6 39. Kg2 Kd5 40. a4 Ng4 41. a5 h3+ 42. Kg3 h2 43. Bb7+ 1-0